000 00732nam a22002532a 4500
999 _c9950
_d9950
001 9950
003 BD - JhCC
005 20180404095620.0
008 180403m19551999enka 001 0 eng d
035 _aOCLC ocm15261779 from D960620M
_a(BD - JhCC)9950
040 _aIVD
_cIVD
_dEQO
_dBD - JhCC
041 _aeng
082 _bNEW 1955
_a372.66
090 _aPN1655
_b.N4
100 1 _aNewton, Eric,
_d1893-1965.
245 1 0 _aDrama in the making /
_c[By] Eric Newton and Jean McConnell
260 _aLondon :
_bUniversity of London Press,
_c1955.
300 _a109 p. :
_bill. ;
_c20 cm
500 _aIncludes indexes
650 0 _aDrama
_xTechnique
700 1 _aMcConnell, Jean,
_d1924?-
942 _2ddc
_cREF